Metody integral'nych uravnenij v teorii rassejanija

Enregistré dans:
Détails bibliographiques
Auteur principal: Colton, David
Autres auteurs: Kress, Rainer
Format: Livre
Langue:russe
Publié: Moskva Mir 1987
Édition:1. izd.
Tags: Ajouter un tag
Pas de tags, Soyez le premier à ajouter un tag!

MARC

LEADER 00000nam a2200000 4500
001 c033147
005 20240819112425.8
041 0 |a rus 
044 |a RU 
245 1 0 |a Metody integral'nych uravnenij v teorii rassejanija  |c David Colton, Rainer Kress ; [Z angl. prel.] Ju.A. Jeremin, Je.V. Zacharov 
250 |a 1. izd. 
264 1 |a Moskva  |b Mir  |c 1987 
300 |a 311 s. 
100 1 |a Colton, David 
700 1 |a Kress, Rainer